|
|
|
|
| LEADER |
00000cam a2200000 7i4500 |
| 001 |
0000050631 |
| 005 |
20161214.0 |
| 020 |
|
|
|a 9678911450
|
| 090 |
0 |
0 |
|a 342.59508
|b MAL
|
| 100 |
0 |
|
|a Malaysia
|
| 245 |
0 |
0 |
|a Akta pendaftaran kelahiran daan kematian (peruntukan-peruntukan khas) 1975 (Akta 152 dan Akta pendaftaran kelahiran dan kematian 1957 (Akta 299)
|c disusun oleh Lembaga Penyilidikan Undang-Undang
|
| 260 |
|
|
|a Kuala Lumpur :
|b International Law Book Services ,
|c 2001
|
| 300 |
|
|
|a 46p. ;
|c 25cm.
|
| 490 |
0 |
|
|a Undang-Undang Malaysia
|
| 500 |
|
|
|a Semua pindaan hingga 15 Febuari 2001
|
| 650 |
0 |
0 |
|a Recording and registration
|x Law and legislation
|z Malaysia
|
| 650 |
0 |
0 |
|a Registers of birth, etc.
|x Law and legislation
|z Malaysia
|
| 710 |
2 |
|
|a Lembaga Penyelidikan Undang-Undang
|
| 999 |
|
|
|a 114237
|b AKTA - KOLEKSI UNDANG-UNDANG
|c AKTA
|e PERPUSTAKAAN KOMUNITI PETALING JAYA
|